Deviner cette race de chien - Statistiques

Statistiques générales
  • Ce quiz a été pris 84 fois
  • Le résultat moyen est 9 sur 12
Statistiques - réponses
Par images Réponse % Correct
Labrador
97%
Berger allemand
93%
Husky
93%
Caniche
89%
Teckel
88%
Golden retriever
78%
chihuahua
77%
Beagle
67%
Doberman
63%
Bouvier Bernois
56%
Boxer
52%
Cocker anglais
30%
Aucun quiz correspondant
Distribution des résultats
% des personnes avec chaque résultat
Percentile par nombre de réponses
Votre historique - résultats
Vous n’avez pas pris ce quiz